书目信息 |
| 题名: |
黑格尔
|
|
| 作者: | 泰勒 著 ;朱进东 , 张国清 译 | |
| 分册: | ||
| 出版信息: | 南京 译林出版社 2012.6 |
|
| 页数: | 812页 | |
| 开本: | 21cm | |
| 丛书名: | 人文与社会译丛 | |
| 单 册: | ||
| 中图分类: | B516.35 | |
| 科图分类: | ||
| 主题词: | 哲学家--哲学思想--研究--德国--近代 | |
| 电子资源: | ||
| ISBN: | 978-7-5447-2704-4 | |
| 000 | 01370oam2 2200325 45 | |
| 001 | 1338856656 | |
| 005 | 20130513163112.42 | |
| 010 | @a978-7-5447-2704-4@dCNY88.00 | |
| 100 | @a20130108d2012 em y0chiy0121 ea | |
| 101 | 1 | @achi@ceng |
| 102 | @aCN@b320000 | |
| 105 | @ay a 001yb | |
| 106 | @ar | |
| 200 | 1 | @a黑格尔@AHei Ge Er@f(加) 查尔斯·泰勒著@F( Jia ) Cha Er Si· Tai Le Zhu@g张国清, 朱进东译 |
| 210 | @a南京@c译林出版社@d2012.6 | |
| 215 | @a812页@d21cm | |
| 225 | 2 | @a人文与社会译丛 |
| 312 | @a英文题名原文取自版权页 | |
| 320 | @a有书目 (第796-802页) 和索引 | |
| 330 | @a本书是当代英美哲学中研究黑格尔哲学的鸿篇巨制。作者对黑格尔哲学进行了作面、细致而且富有创建的探讨。作者认为, 虽然黑格尔哲学一再遭到拒斥, 但是其普遍性话语在当代世界中仍然占有重要地位, 我们现在仍然生活在黑格尔哲学所揭示的时代中。黑格尔哲学是整个现代性方案最重要的组成部分。本书《黑格尔》篇幅宏大, 论述平实而详尽, 涉及黑格尔哲学的广泛领域, 为我们勾画了一个充满现代性的黑格尔形象。 | |
| 461 | 0 | @12001 @a人文与社会译丛 |
| 500 | 10 | @aHegel@mChinese |
| 600 | 1 | @a黑格尔@x哲学思想@x研究 |
| 606 | 0 | @a哲学家@x哲学思想@x研究@y德国@z近代 |
| 690 | @aB516.35@v5 | |
| 701 | 1 | @a泰勒@ATai Le@g(Taylor, Charles),@f1931-@4著 |
| 702 | 0 | @a朱进东@AZhu Jin Dong@4译 |
| 702 | 0 | @a张国清@AZhang Guo Qing@4译 |
| 801 | @aCN@bTANGWEI@c20130108 | |
| 905 | @b0828761-65@dB516.35@e138@f5 | |
| 黑格尔/(加) 查尔斯·泰勒著/张国清, 朱进东译.-南京:译林出版社,2012.6 |
| 812页;21cm.-(人文与社会译丛) |
| ISBN 978-7-5447-2704-4:CNY88.00 |
| 本书是当代英美哲学中研究黑格尔哲学的鸿篇巨制。作者对黑格尔哲学进行了作面、细致而且富有创建的探讨。作者认为, 虽然黑格尔哲学一再遭到拒斥, 但是其普遍性话语在当代世界中仍然占有重要地位, 我们现在仍然生活在黑格尔哲学所揭示的时代中。黑格尔哲学是整个现代性方案最重要的组成部分。本书《黑格尔》篇幅宏大, 论述平实而详尽, 涉及黑格尔哲学的广泛领域, 为我们勾画了一个充满现代性的黑格尔形象。 |
| ● |
| 相关链接 |
|
|
|
|
正题名:黑格尔
索取号:B516.35/138
 
预约/预借
| 序号 | 登录号 | 条形码 | 馆藏地/架位号 | 状态 | 备注 |
| 1 | 0828761 | 208287619 | 第一样本阅览室/ [索取号:B516.35/138] | 在馆 | |
| 2 | 0828762 | 208287628 | 第一借阅区/ [索取号:B516.35/138] | 在馆 | |
| 3 | 0828763 | 208287637 | 第一借阅区/ [索取号:B516.35/138] | 在馆 | |
| 4 | 0828764 | 208287646 | 第一借阅区/ [索取号:B516.35/138] | 在馆 | |
| 5 | 0828765 | 208287655 | 第一借阅区/ [索取号:B516.35/138] | 在馆 |